00433 a2200145 4500020001500000020001800015082001100033100002100044245007000065250001200135260003900147300002100186490004000207830004000247 a0750306068 a978075030606504a516.361 aNakahara, Mikio.10aGeometry, topology and physics, second edition /cMikio Nakahara. a2nd ed. a[S.l.] :bTaylor & Francis,c2003. a596 p. ;c23 cm.1 aGraduate student series in physics. 0aGraduate student series in physics.